Space in the Answers - Statistics

General Stats
  • This quiz has been taken 50,766 times
    25,480 since last reset
  • The average score is 12 of 20
Answer Stats
Clue Answer % Correct
Astronaut's outer wear Space suit
97%
Website overtaken by Facebook MySpace
83%
Mir or the ISS, e.g. Space station
83%
Seattle landmark Space Needle
82%
Cold War contest between USA and USSR Space Race
82%
When an astronaut goes outside the ship Space walk
79%
Michael Jordan movie Space Jam
74%
Challenger or Atlantis, e.g. Space shuttle
74%
Delete key alternative Backspace
67%
Taylor Swift: "I've got a _____ _____ baby / And I'll write your name" Blank Space
66%
One named for Hubble was launched in 1990 Space telescope
66%
Arcade game released in 1978 Space Invaders
59%
Debris that orbits Earth Space junk
58%
Disney roller coaster Space Mountain
55%
4-D continuum described by Einstein Spacetime
49%
Movie about printers, staplers, and TPS reports Office Space
40%
Star Trek series that aired until 1999 Deep Space Nine
38%
David Bowie song Space Oddity
36%
The virtual world of the internet Cyberspace
29%
One of these in Hong Kong sold for a record $760,000 Parking space
13%
No matching quizzes found
Score Distribution
Percent of People with Each Score
Percentile by Number Answered
Your Score History
You have not taken this quiz since the last reset